| 000 | 00340nam a22001457a 4500 | ||
|---|---|---|---|
| 020 | _qPB. | ||
| 040 | _cFIZZA ISHAQ | ||
| 082 |
_a624.15132 _bRIC |
||
| 100 |
_aGOOD, E. RICHARD. _986384 |
||
| 245 |
_aROCK MECHANICS / _cRICHARD E.GOOD. |
||
| 250 | _a2nd ED. | ||
| 260 |
_aCANADA : _bWILEY, _c1989. |
||
| 300 | _a552 P. ; | ||
| 942 |
_2ddc _cBK |
||
| 999 |
_c587302 _d587302 |
||